| 000 | 00903cab a2200277 4500 | ||
|---|---|---|---|
| 001 | ABS51154 | ||
| 008 | 090401t1994 xxu||||| |||| 00| 0 eng d | ||
| 035 | _a(Sirsi) u13147 | ||
| 041 | _aeng | ||
| 100 | _aBissett-Johnson, A. | ||
| 245 | _aSharing property in a fluctuating market | ||
| 260 | _c1994 | ||
| 350 | _a0 | ||
| 490 |
_aScots Law Times _v22 July 1994, 248-251(4) |
||
| 520 | _aExplores the implications of the House of Lords decision in "Wallis v Wallis" 1993 SLT 1348, on the effect of the Family Law (Scotland) Act 1985 on valuation and division of property in a fluctuating market. | ||
| 650 | _aDIVORCE | ||
| 650 | _aFAMILY LAW (SCOTLAND) ACT 1985 | ||
| 650 | _aMATRIMONIAL PROPERTY | ||
| 650 | _aRELEVANT DATES | ||
| 650 | _aSCOTLAND | ||
| 650 |
_aValuation _96273 |
||
| 690 | _aPROPERTY LAW AND PRACTICE | ||
| 700 | _aThomson, J. | ||
| 942 | _n0 | ||
| 948 | _c04/03/1997 | ||
| 999 |
_c8456 _d8456 |
||